000 00596nam a2200229Ia 4500
003 OSt
005 20230509091822.0
008 210423s2007 xx 000 0 und d
020 _a9780716767640
040 _cAL
041 _aeng
082 _a616.079 KINK
_223
100 _aKINDT (Thomas J);GOLDSBY (Richard A);OSBORNE (Barbara A)
_9100080
245 _aKuby immunology Ed 6
250 _a6
260 _aNew York
_bW H Freeman & Co.
_c2007
300 _axxii,574,I-27
_bPB
365 _b3651
_cINR
650 _aImmunology
_9100081
906 _aimmunology ; Kuby
942 _2ddc
_cBK
999 _c164503
_d164503